Which City in Vermont? - Statistics

General Stats
  • This quiz has been taken 17 times
  • The average score is 9 of 15
Answer Stats
Description Letter City % Correct
Most populous city in Vermont B Burlington
100%
State capital of Vermont M Montpelier
100%
John Deere, who founded a famous tractor company and invented the steel plow, was born in this city R Rutland
87%
Largest municipality on the Vermont side of the Connecticut River B Brattleboro
73%
Suburb of the above that contains its major airport S South Burlington
73%
Known as the "Ski Capital of the East" S Stowe
73%
Home to the E. L. Smith Quarry, known for its gray granite B Barre
67%
Small town that is the namesake for a popular brand of cheddar cheese C Cabot
53%
This city broke away from the town of Essex in 2022 E Essex Junction
53%
The village of Quechee in this town has a 165-foot deep gorge H Hartford
47%
Seat of Franklin County in northwest Vermont S St. Albans
47%
Seat of Addison County M Middlebury
40%
Named for the river that flows through Vermont's capital W Winooski
40%
Has the main factory of Ben & Jerry's W Waterbury
33%
Setting of the Netflix show "Wednesday" J Jericho
27%
No matching quizzes found
Score Distribution
Percent of People with Each Score
Percentile by Number Answered
Your Score History
You have not taken this quiz